00914nam a2200217 i 450000100060000000300090000600500170001500700030003200800410003510000690007624500730014526000480021830000500026649000630031665100360037970000480041583000710046385200210053499900170055595201240057223699ES-MaACL20250928103917.0t|021212s1888 sp ||||1| spa d1 aAmador de los Ríos y Fernández de Villalta, Rodrigo.914967410aBurgos / cpor Rodrigo Amador de los Ríos ; dibujos de Isidro Gil. aBarcelona : bDaniel Cortezo y Cª, c1888. aXXVI, 1081 p. : bil. en col. y n. ; c24 cm.1 aEspaña: sus monumentos y artes, su naturaleza e historia 4aBurgos-xDescripción.91512111 aGil y Gavilondo, Isidro, d1843-19179567370 aEspaña: sus monumentos y artes, su naturaleza e historia9188068 aES-MaACLjC-2039 c23699d23699 001040708LIBXIXaATENEOMbATENEOMcSPALd2008-01-17eSCl0oC-2039p1024423r2023-02-23 00:00:00w2023-02-23yMONANT